<?xml version="1.0" encoding="UTF-8"?>
<record
    xmlns:xsi="http://www.w3.org/2001/XMLSchema-instance"
    xsi:schemaLocation="http://www.loc.gov/MARC21/slim http://www.loc.gov/standards/marcxml/schema/MARC21slim.xsd"
    xmlns="http://www.loc.gov/MARC21/slim">

  <leader>00960nam a2200241Ia 4500</leader>
  <controlfield tag="001">17067</controlfield>
  <controlfield tag="003">GE_BSU</controlfield>
  <controlfield tag="008">181216s||||||||xx |||||||||||||| ||und||</controlfield>
  <datafield tag="040" ind1=" " ind2=" ">
    <subfield code="c">GE_BSU</subfield>
  </datafield>
  <datafield tag="080" ind1=" " ind2=" ">
    <subfield code="a">821.161.1-31 + 821.161.1.03=353.1</subfield>
  </datafield>
  <datafield tag="100" ind1=" " ind2=" ">
    <subfield code="a">&#x10E8;&#x10DD;&#x10DA;&#x10DD;&#x10EE;&#x10DD;&#x10D5;&#x10D8;, &#x10DB;&#x10D8;&#x10EE;&#x10D4;&#x10D8;&#x10DA; (1905-1984)</subfield>
  </datafield>
  <datafield tag="245" ind1=" " ind2=" ">
    <subfield code="a">&#x10D8;&#x10E1;&#x10D8;&#x10DC;&#x10D8; &#x10E1;&#x10D0;&#x10DB;&#x10E8;&#x10DD;&#x10D1;&#x10DA;&#x10DD;&#x10E1;&#x10D0;&#x10D7;&#x10D5;&#x10D8;&#x10E1; &#x10D8;&#x10D1;&#x10E0;&#x10EB;&#x10DD;&#x10D3;&#x10DC;&#x10D4;&#x10DC;=&#x41E;&#x43D;&#x438; &#x441;&#x440;&#x430;&#x436;&#x430;&#x43B;&#x438;&#x441;&#x44C; &#x437;&#x430; &#x420;&#x43E;&#x434;&#x438;&#x43D;&#x443;</subfield>
  </datafield>
  <datafield tag="245" ind1=" " ind2=" ">
    <subfield code="b">&#x10E0;&#x10DD;&#x10DB;&#x10D0;&#x10DC;&#x10D8;</subfield>
  </datafield>
  <datafield tag="245" ind1=" " ind2=" ">
    <subfield code="c">&#x10D7;&#x10D0;&#x10E0;&#x10D2;&#x10DB;&#x10DC;&#x10D0; &#x10D2;&#x10D8;&#x10DD;&#x10E0;&#x10D2;&#x10D8; &#x10D1;&#x10D0;&#x10E5;&#x10D0;&#x10DC;&#x10D8;&#x10EB;&#x10D4;&#x10DB;. &#x10E0;&#x10D4;&#x10D3;.&#x10D2;.&#x10ED;&#x10D4;&#x10D8;&#x10E8;&#x10D5;&#x10D8;&#x10DA;&#x10D8;</subfield>
  </datafield>
  <datafield tag="260" ind1=" " ind2=" ">
    <subfield code="a">&#x10D1;&#x10D0;&#x10D7;&#x10E3;&#x10DB;&#x10D8;</subfield>
  </datafield>
  <datafield tag="260" ind1=" " ind2=" ">
    <subfield code="b">&#x10E1;&#x10D0;&#x10D1;&#x10ED;. &#x10D0;&#x10ED;&#x10D0;&#x10E0;&#x10D0;</subfield>
  </datafield>
  <datafield tag="260" ind1=" " ind2=" ">
    <subfield code="c">1982</subfield>
  </datafield>
  <datafield tag="300" ind1=" " ind2=" ">
    <subfield code="a">216&#x10D2;&#x10D5;. ; 20&#x10E1;&#x10DB;.</subfield>
  </datafield>
  <datafield tag="520" ind1=" " ind2=" ">
    <subfield code="a">&#x10DE;&#x10D0;&#x10E0;&#x10D0;&#x10DA;. &#x10D7;&#x10D0;&#x10D5;&#x10E4;&#x10E3;&#x10E0;. &#x10E0;&#x10E3;&#x10E1;.</subfield>
  </datafield>
  <datafield tag="653" ind1=" " ind2=" ">
    <subfield code="a">&#x10D8;&#x10E1;&#x10D8;&#x10DC;&#x10D8; &#x10E1;&#x10D0;&#x10DB;&#x10E8;&#x10DD;&#x10D1;&#x10DA;&#x10DD;&#x10E1;&#x10D0;&#x10D7;&#x10D5;&#x10D8;&#x10E1; &#x10D8;&#x10D1;&#x10E0;&#x10EB;&#x10DD;&#x10D3;&#x10DC;&#x10D4;&#x10DC;</subfield>
  </datafield>
  <datafield tag="653" ind1=" " ind2=" ">
    <subfield code="a">&#x10E0;&#x10DD;&#x10DB;&#x10D0;&#x10DC;&#x10D8;</subfield>
  </datafield>
  <datafield tag="942" ind1=" " ind2=" ">
    <subfield code="c">BK</subfield>
  </datafield>
  <datafield tag="999" ind1=" " ind2=" ">
    <subfield code="c">50129</subfield>
    <subfield code="d">50129</subfield>
  </datafield>
  <datafield tag="952" ind1=" " ind2=" ">
    <subfield code="0">0</subfield>
    <subfield code="1">0</subfield>
    <subfield code="4">0</subfield>
    <subfield code="7">0</subfield>
    <subfield code="9">68243</subfield>
    <subfield code="d">2018-12-17</subfield>
    <subfield code="p">21557</subfield>
    <subfield code="r">2018-12-17</subfield>
    <subfield code="w">2018-12-17</subfield>
    <subfield code="y">BK</subfield>
  </datafield>
  <datafield tag="952" ind1=" " ind2=" ">
    <subfield code="0">0</subfield>
    <subfield code="1">0</subfield>
    <subfield code="4">0</subfield>
    <subfield code="7">0</subfield>
    <subfield code="9">68244</subfield>
    <subfield code="d">2018-12-17</subfield>
    <subfield code="p">21558</subfield>
    <subfield code="r">2018-12-17</subfield>
    <subfield code="w">2018-12-17</subfield>
    <subfield code="y">BK</subfield>
  </datafield>
  <datafield tag="952" ind1=" " ind2=" ">
    <subfield code="0">0</subfield>
    <subfield code="1">0</subfield>
    <subfield code="4">0</subfield>
    <subfield code="7">0</subfield>
    <subfield code="9">68245</subfield>
    <subfield code="d">2018-12-17</subfield>
    <subfield code="p">21559</subfield>
    <subfield code="r">2018-12-17</subfield>
    <subfield code="w">2018-12-17</subfield>
    <subfield code="y">BK</subfield>
  </datafield>
</record>
